Kríž na výšinách Golgoty-

Bibliographic Details
Format: Article
Language:Slovak
ISSN:1335-647X 3
Subjects:

MARC

LEADER 00000nab a2200000 ar4500
001 vtls009527359
003 SK-MaSNL
005 20260303060629.0
008 090618c2009 xo mr|p|||||||000 b|slo
015 |a SNBRB2009/06  |2 snkbucl 
038 |a SNKBUCL 
040 |a SNKBUCL  |b slo  |c SNKBUCL  |e AACR2 
041 0 |a slo 
044 |a xo  |c SK 
080 |a 264-932  |2 2001 
080 |a 246  |2 2001 
245 0 0 |a Kríž na výšinách Golgoty- 
650 0 7 |a kríž (kresťanský symbol)  |2 snkbucl  |9 1949 
773 0 |t Cestou svetla  |g Roč. XX, č. 4 (2009), s. 2  |x 1335-647X 3 
852 |a SNK  |b KIS3GCP 
958 |a NT 
999 |c 1732199  |d 1734129